书目信息 |
| 题名: |
红宝石 蓝宝石 闪烁之星
|
|
| 作者: | 李建平 编著 | |
| 分册: | ||
| 出版信息: | 北京 地质出版社 1999.01 |
|
| 页数: | 121页 | |
| 开本: | 32开 | |
| 丛书名: | ||
| 单 册: | ||
| 中图分类: | TS934.3 | |
| 科图分类: | ||
| 主题词: | 金属--工艺美术--作品--生产工艺 | |
| 电子资源: | ||
| ISBN: | 7-116-02481-6 | |
| 000 | 00595nam0 2200193 45 | |
| 001 | 0011171619 | |
| 005 | 20001117062058.5 | |
| 010 | @a7-116-02481-6@d17.80元 | |
| 100 | @a20001117d1999 km y0chiy0120 ea | |
| 101 | 0 | @achi |
| 105 | @a z 000yy | |
| 200 | 1 | @a红宝石 蓝宝石 闪烁之星@AHong Bao Shi Lan Bao Shi Shan Shuo Zhi Xing@f李建平编著@FLi Jian Ping Bian Zhu |
| 210 | @a北京@c地质出版社@d1999.01 | |
| 215 | @a121页@d32开 | |
| 606 | 0 | @a金属@x工艺美术@x作品@x生产工艺 |
| 690 | @aTS934.3@v3 | |
| 701 | 0 | @a李建平@4编著 |
| 801 | @aCN@bPftUser@c20001117 | |
| 905 | @b411602-605@dTS934.3@eL685@f4 | |
| 红宝石 蓝宝石 闪烁之星/李建平编著.-北京:地质出版社,1999.01 |
| 121页;32开 |
| ISBN 7-116-02481-6:17.80元 |
| ● |
| 相关链接 |
|
|
|
正题名:红宝石蓝宝石闪烁之星
索取号:TS934.3/L685
 
预约/预借
| 序号 | 登录号 | 条形码 | 馆藏地/架位号 | 状态 | 备注 |
| 1 | 411602 | 204116027 | 自科库501/501自科库 43排6列4层/ [索取号:TS934.3/L685] | 在馆 | |
| 2 | 411603 | 204116036 | 自科二线400A/400A自科库 32排1列4层/ [索取号:TS934.3/L685] | 在馆 | |
| 3 | 411604 | 204116045 | 自科二线400A/201建筑库 42排6列3层/ [索取号:TS934.3/L685] | 在馆 | |
| 4 | 411605 | 204116054 | 自科库501/501自科库 43排6列4层/ [索取号:TS934.3/L685] | 在馆 |